La soberanía chilena en las islas al sur del Canal Beagle
Guardat en:
| Autor principal: | |
|---|---|
| Format: | Llibre |
| Idioma: | espanyol |
| Publicat: |
Santiago
Universitaria
1917
|
| Edició: | 1a. ed |
| Matèries: | |
| Etiquetes: |
Afegir etiqueta
Sense etiquetes, Sigues el primer a etiquetar aquest registre!
|
MARC
| LEADER | 00000nam a2200000 a 4500 | ||
|---|---|---|---|
| 001 | UCP7708 | ||
| 003 | CL-VaPUC | ||
| 008 | 991217e19170000CL |||||||||||||||||spa|d | ||
| 082 | 0 | 4 | |a 341.42 |b GUE |2 21 |
| 100 | |a Guerra, José Guillermo |e author |9 437317 | ||
| 245 | 1 | 3 | |a La soberanía chilena en las islas al sur del Canal Beagle |
| 250 | |a 1a. ed | ||
| 300 | |a 480 p | ||
| 942 | |c BK | ||
| 945 | |d 19991217 00:00:00 |a crobeson | ||
| 260 | |a Santiago |b Universitaria |c 1917 | ||
| 600 | 0 | 7 | |a GARDINER, ALLEN F |2 CL-VaPUC |9 437318 |
| 600 | 0 | |a Snow, William Parker |d 1817-1895 |9 437319 | |
| 600 | 0 | 7 | |a GERLACHER, ADRIAN D |2 CL-VaPUC |9 437320 |
| 600 | 0 | 7 | |a CALLEJAS FERNANDEZ, SATURNINO |2 CL-VaPUC |9 437321 |
| 600 | 0 | 7 | |a POPPER, JULIO |2 CL-VaPUC |9 437322 |
| 600 | 0 | 7 | |a LATZINA, FRANCISCO |2 CL-VaPUC |9 437323 |
| 650 | 0 | |a Límites |9 255439 | |
| 650 | 0 | |a Problemas limítrofes |9 266724 | |
| 650 | 0 | |a Relaciones Internacionales |9 255740 | |
| 650 | 0 | |a Negociaciones internacionales |9 358691 | |
| 650 | 7 | |a DERECHOS TERRITORIALES |2 CL-VaPUC |9 266725 | |
| 650 | 0 | |a Diplomacia |9 256483 | |
| 650 | 0 | |a Tratados internacionales |9 256056 | |
| 650 | 0 | |a Descubrimientos geográficos |9 331933 | |
| 650 | 7 | |a CARTAS NAUTICAS |2 CL-VaPUC |9 261114 | |
| 651 | 7 | |a CHILE |2 CL-VaPUC |9 437324 | |
| 651 | 0 | |a Argentina |9 254888 | |
| 651 | 0 | |a Canal Beagle |9 266960 | |
| 583 | |a last modification |c 19991217 00:00:00 |k Rodrigo Vera | ||
| 999 | |c 284822 |d 284820 | ||
| 952 | |0 0 |1 0 |4 0 |6 341_420000000000000_GUE_1917 |7 0 |8 X |9 329068 |a BIBHIS |b BIBHIS |d 2019-11-20 |i 1374036 |o 341.42 GUE 1917 |p 1374036 |r 2024-01-30 |w 2019-11-20 |y BK_X |k HIS | ||
| 952 | |0 0 |1 0 |4 0 |6 341_420000000000000_GUE_1917 |7 0 |8 X |9 329069 |a FDOBUD |b FDOBUD |d 2019-11-20 |i 1023632 |o 341.42 GUE 1917 |p 1023632 |r 2019-11-20 |w 2019-11-20 |y BK_X |k BUD | ||